| 000 | 00680nam a22001937a 4500 | ||
|---|---|---|---|
| 005 | 20241104123946.0 | ||
| 010 | _aENG-142561 | ||
| 020 |
_a9789386262844 _c1500.00 |
||
| 035 | _aEN-126093 | ||
| 037 | _bDBAD | ||
| 082 |
_a362.954 _2First Edition |
||
| 100 |
_aSubrahmanya, R.K.A _973668 |
||
| 245 |
_aEssays on Social protection in india: _cby R. K. A Subrahmanya _bAn Overview, Current Trends, Governance and Retbinking Social Security/ |
||
| 260 |
_aDELHI _bShipra publications _c2019 |
||
| 270 |
_aLG 18-19, Pankaj Central Market I.P Ext., Patpargang, _bDELHI _e110092 |
||
| 300 |
_a216P. _c24cm(HB) |
||
| 500 | _avol.2 | ||
| 942 |
_2ddc _cEN _h362.954 _mSUB |
||
| 999 |
_c206879 _d206879 |
||